000 00855nam a2200265 i 4500
001 133857
003 ES-MaACL
005 20250805003854.0
007 t|
008 070903s1998 sp ||||1| spa d
020 _a84-376-0660-8
080 _a821.134.2"16"
130 0 _aLazarillo de Tormes.
_9122472
245 1 0 _aLazarillo de Tormes /
_cedición de Francisco Rico ; con un apéndice bibliográfico por Bienvenido C. Morros.
250 _a13ª ed.
260 _aMadrid :
_bCátedra,
_c1998.
300 _a191 p. ;
_c18 cm.
490 1 _aLetras hispánicas ;
_v44
700 1 _aRico, Francisco,
_d1942-
_997012
700 1 _aMorros, Bienvenido C.
_983694
830 1 0 _aLetras hispánicas ;
_v44
_9235703
852 4 _aES-MaACL
_jE-12111
_z- Biblioteca Jacinto Martínez Lacalle
942 _2udc
999 _c133857
_d133857